000 00597nam a2200217Ia 4500
003 OSt
005 20230524185215.0
008 210423s1985 xx 000 0 und d
040 _cAL
041 _aeng
082 _a323
_223
_bDESA
100 _aDESAI (A R)
_9113264
245 _aAssault on democrate rights in contemporary india
260 _bC G Shah Memorial Trust
_c1985
300 _a1,34
365 _cINR
650 _aCivil & Political Rights
_9113265
650 _aPolitical Science
_9113266
906 _aAssault ; contemporary ; democrate ; india ; rights
942 _2ddc
_cBK
999 _c173057
_d173057